000 00299nam a22001217a 4500
999 _c2248
_d2248
005 20200910151049.0
008 200910b ||||| |||| 00| 0 eng d
020 _a15645
040 _cCML
245 _aNew Swan Shakespeare.
_c Lott, B.
260 _aLondon
_bLongman
_c1958
942 _2ddc
_cBK
_e822
_kSHA